| 000 | 00571nam a2200229 a 4500 | ||
|---|---|---|---|
| 999 |
_c1832 _d1832 |
||
| 001 | 1832 | ||
| 003 | BD-JhCC | ||
| 005 | 20171024211207.0 | ||
| 008 | 171024s2008 b ||||| |||| 00| 0 eng d | ||
| 020 | _a9840510711 | ||
| 035 | _a(BD-JhCC)1832 | ||
| 040 |
_aBD-JhCC _dBD-JhCC |
||
| 041 | _aeng | ||
| 082 |
_223 _a891.4415 _bJAM 2008 |
||
| 100 | _aJames, Brother, | ||
| 245 |
_aSonar Taree / _cBrother James |
||
| 260 |
_aDhaka : _bThe university press limited, _c2008 |
||
| 300 |
_a138 p. : _c22cm. |
||
| 650 | _aBebgali poetry | ||
| 942 |
_2ddc _cBK |
||